| 000 | 01863nam a22004577a 4500 | ||
|---|---|---|---|
| 003 | CHAP | ||
| 005 | 20220329143331.0 | ||
| 008 | 080904s2008 mx a r 00010 spa d | ||
| 010 | _a95099 | ||
| 011 | _a96071 | ||
| 035 | _a106712 | ||
| 040 | _cCHAP | ||
| 090 | _aTesis | ||
| 100 | 1 |
_aLópez Velasco, José Luis. _968398 |
|
| 245 | 1 | 0 |
_aInstalación y prueba del torquímetro Arjessiger modelo 920 para determinar la potencia a la toma de fuerza de la fertilizadora al voleo Famaq modelo V300 _c/por José luís López Velasco y Julio César García Méndez |
| 260 |
_aChapingo, Méx. : _bEl autor, _c2008 |
||
| 300 |
_av, 90 h. : _bilus. ; gráfs. ; cuadros |
||
| 502 | _aTesis (Ing. Mecánico Agrícola) -- UACH. Departamento de Ingeniería Mecánica Agrícola | ||
| 530 | _aTambién disponible en línea | ||
| 590 |
_aALEPH _b10 _c20130110 _lUCH01 _h1523 |
||
| 590 |
_aBATCH-UPD _b10 _c20130110 _lUCH01 _h0432 |
||
| 590 |
_aBATCH-UPD _b10 _c20130110 _lUCH01 _h2102 |
||
| 590 |
_aBATCH-UPD _b10 _c20130410 _lUCH01 _h0107 |
||
| 590 |
_aBATCH-UPD _b10 _c20130410 _lUCH01 _h1643 |
||
| 590 |
_aBATCH-UPD _b10 _c20130914 _lUCH01 _h0939 |
||
| 590 |
_aBATCH-UPD _b10 _c20140324 _lUCH01 _h1507 |
||
| 590 |
_aBATCH-UPD _b10 _c20141002 _lUCH01 _h0836 |
||
| 590 |
_aCONVERSION _b10 _c20130109 _lUCH01 _h1353 |
||
| 650 | 1 | 4 |
_aCinemática. _923327 |
| 650 | 1 | 4 |
_aFertilizantes _xAplicación. _940450 |
| 650 | 1 | 4 |
_aFuerza y energía. _943913 |
| 650 | 1 | 4 |
_aInstrumentos de medida. _959489 |
| 650 | 1 | 4 |
_aMaquinaria agrícola. _971151 |
| 700 | 1 |
_aGarcía Méndez, Julio César. _946315 |
|
| 856 |
_3Finding aid _uhttp://10.13.5.2/tesis/106712.pdf _zTeclea aqui |
||
| 901 | _aBK | ||
| 905 | _aluisgm | ||
| 942 | _cFOLL | ||
| 949 |
_atesis _bBC _cTES _d33724002067363 _eTS1 _gDonaciØn _h47962 _i106712 _sb |
||
| 949 |
_aTesis _bBC _cTES _d33724002067405 _eTS2 _fc.2 _gDonaciØn _h47963 _i106712 _sb |
||
| 999 |
_c95099 _d95099 |
||